000 00471nam a2200121Ia 4500
008 220616s9999||||xx |||||||||||||| ||und||
100 _aLeszek A. Dobrzanski
245 0 _aPowder Metallurgy - Fundamentals and Case Studies
546 _aEnglish[eng]
650 _aPhysical Sciences||Engineering and Technology||Materials Science||Metals and Nonmetals||Metallurgy
856 _uhttps://www.intechopen.com/books/powder-metallurgy-fundamentals-and-case-studies
942 _cEB
999 _c19766
_d19766